000 00253 a2200109 4500
000 nam a22 7a 4500
005 20260205163356.0
100 _aBedford, Daniel
_91114002
245 _aClimate Change
260 _bBloomsbury
_c2023
942 _cTEXL
999 _c1678723
_d1678723